[Event "Mittelfranken-chTB2a 1819"]
[Site "Mittelfranken"]
[Date "2019.01.27"]
[Round "4.7"]
[White "Maschinski, Dieter"]
[Black "Lais, Thomas"]
[Result "1/2-1/2"]
[WhiteElo "1746"]
[BlackElo "1903"]
[PlyCount "42"]
[EventDate "2018.10.14"]
[EventType "team-tourn"]
[EventRounds "9"]
[EventCountry "GER"]
[SourceTitle "EXT 2022"]
[Source "ChessBase"]
[SourceDate "2021.10.06"]
[SourceVersion "1"]
[SourceVersionDate "2021.10.06"]
[SourceQuality "1"]
[WhiteTeam "Fuerth SF"]
[BlackTeam "Nuernberg Sued SW IV"]
[WhiteTeamCountry "GER"]
[BlackTeamCountry "GER"]

1. d4 Nf6 2. Nf3 g6 3. e3 Bg7 4. Bd3 d5 5. Nbd2 c5 6. c3 Nc6 7. b3 0-0 8. Bb2 Nd7 9. 0-0 e5 10. dxe5 Ndxe5 11. Nxe5 Nxe5 12. Be2 Be6 13. Rc1 Qa5 14. a3 Rad8 15. b4 Qb6 16. Nb3 Nd7 17. Ba1 c4 18. Nd4 Bxd4 19. exd4 Nf6 20. Re1 Rfe8 21. f3 a5 1/2-1/2

[Event "Mittelfranken-chTB2a 1718"]
[Site "Mittelfranken"]
[Date "2018.05.06"]
[Round "9.7"]
[White "Lackner, Richard"]
[Black "Maschinski, Dieter"]
[Result "0-1"]
[WhiteElo "1454"]
[BlackElo "1714"]
[PlyCount "62"]
[EventDate "2017.10.08"]
[EventType "team-tourn"]
[EventRounds "9"]
[EventCountry "GER"]
[SourceTitle "EXT 2022"]
[Source "ChessBase"]
[SourceDate "2021.10.06"]
[SourceVersion "1"]
[SourceVersionDate "2021.10.06"]
[SourceQuality "1"]
[WhiteTeam "Treuchtlingen/Wet SG"]
[BlackTeam "Fuerth SF"]
[WhiteTeamCountry "GER"]
[BlackTeamCountry "GER"]

1. e4 e6 2. d4 d5 3. e5 c5 4. Bb5+ Bd7 5. Bxd7+ Nxd7 6. c3 Qb6 7. Nf3 Ne7 8. 0-0 h6 9. Nbd2 Nc6 10. Nb3 Be7 11. Rb1 Rc8 12. Be3 c4 13. Nbd2 Qa5 14. a3 b5 15. Qc2 Qc7 16. b4 cxb3 17. Rxb3 a6 18. Rfb1 Na5 19. Rb4 Qxc3 20. Qxc3 Rxc3 21. a4 Bxb4 22. Rxb4 Nc6 23. Rb3 Rxb3 24. Nxb3 bxa4 25. Nc5 Nxc5 26. dxc5 Kd7 27. Bd4 Rb8 28. Kf1 Rb4 29. Be3 a3 30. Ke2 a2 31. Nd4 Nxd4+ 0-1

[Event "Mittelfranken-chTB2a 1213"]
[Site "Germany"]
[Date "2013.01.27"]
[Round "1.8"]
[White "Maschinski, Dieter"]
[Black "Genetzke, Wolf"]
[Result "1/2-1/2"]
[WhiteElo "1717"]
[BlackElo "1488"]
[PlyCount "32"]
[EventDate "2012.10.07"]
[EventType "team-tourn"]
[EventRounds "9"]
[EventCountry "GER"]
[SourceTitle "EXT 2019"]
[Source "ChessBase"]
[SourceDate "2018.10.10"]
[SourceVersion "1"]
[SourceVersionDate "2018.10.10"]
[SourceQuality "1"]
[WhiteTeam "Fuerth SF II"]
[BlackTeam "Bad Windsheim"]
[WhiteTeamCountry "GER"]
[BlackTeamCountry "GER"]

1. e4 c5 2. Nf3 Nc6 3. d4 cxd4 4. Nxd4 Nf6 5. Nc3 d6 6. h3 g6 7. Bb5 Bd7 8. 0-0 Bg7 9. Be3 0-0 10. f3 a6 11. Nxc6 bxc6 12. Bc4 Qa5 13. Qd2 Rfb8 14. Rab1 Nh5 15. Nd1 Qc7 16. c3 Qc8 1/2-1/2

[Event "Mittelfranken-chTB1 1011"]
[Site "Germany"]
[Date "2011.04.03"]
[Round "8.8"]
[White "Walch, Roger"]
[Black "Maschinski, Dieter"]
[Result "0-1"]
[WhiteElo "1650"]
[BlackElo "1798"]
[PlyCount "129"]
[EventDate "2010.09.26"]
[EventType "team-tourn"]
[EventRounds "9"]
[EventCountry "GER"]
[SourceTitle "EXT 2012"]
[Source "ChessBase"]
[SourceDate "2011.11.24"]
[SourceVersion "1"]
[SourceVersionDate "2011.11.24"]
[SourceQuality "1"]
[WhiteTeam "Nuernberg Sued SW III"]
[BlackTeam "Fuerth"]
[WhiteTeamCountry "GER"]
[BlackTeamCountry "GER"]

1. e4 e5 2. Nc3 d6 3. Bc4 Nf6 4. d3 Nc6 5. a3 Nd4 6. Nce2 Be6 7. Bxe6 Nxe6 8. Nh3 d5 9. exd5 Qxd5 10. 0-0 Rd8 11. Nc3 Qc6 12. Qe2 Bd6 13. Be3 a6 14. f4 0-0 15. f5 Nd4 16. Bxd4 exd4 17. Ne4 Nxe4 18. dxe4 f6 19. Rad1 Rfe8 20. Rfe1 b5 21. Kh1 Qc5 22. Rd3 Qe5 23. g3 c5 24. Nf4 Bc7 25. Ne6 Rd7 26. c3 Bb6 27. cxd4 cxd4 28. b4 Rc8 29. Qa2 Rc4 30. a4 Kh8 31. axb5 Qxb5 32. Ra1 Ra7 33. Nf4 Qc6 34. Nd5 Bc7 35. Qb2 Bb6 36. Nxb6 Qxb6 37. Rb3 Qb7 38. Re1 Qb5 39. Rd1 Rd7 40. Qe2 Qc6 41. Kg1 Re7 42. Re1 Re8 43. Qd3 g6 44. g4 Kg7 45. h4 Qb5 46. Reb1 Rxb4 47. Qxb5 Rxb5 48. Rxb5 axb5 49. Kf2 Rxe4 50. Kf3 gxf5 51. Rxb5 Rxg4 52. Rxf5 Rxh4 53. Rd5 h5 54. Kg3 Rg4+ 55. Kf3 Kg6 56. Rd8 Kg5 57. Rg8+ Kf5 58. Rh8 Rf4+ 59. Ke2 h4 60. Kd3 Kg4 61. Rg8+ Kf3 62. Rh8 f5 63. Rg8 h3 64. Rh8 Kg2 65. Rg8+ 0-1